| 000 | 00545nam a22001937a 4500 | ||
|---|---|---|---|
| 999 |
_c528060 _d528060 |
||
| 003 | NUST | ||
| 005 | 20190827092323.0 | ||
| 008 | 190827b ||||| |||| 00| 0 eng d | ||
| 038 | _aFaiza | ||
| 082 |
_a891.4391 _bKAM |
||
| 100 |
_aKamal, Tabish _915250 |
||
| 245 |
_aMohajar parindon ki Nazmin / _cTabish Kamal |
||
| 260 |
_aRawalpindi, _bKamal Publications: _c2010. |
||
| 300 | _a112p. ; | ||
| 500 | _aHard Cover | ||
| 880 |
_6100-01\r _aتابش کمال |
||
| 880 |
_6245-02\r _aمہاجر پرندوں کی نظمیں |
||
| 942 |
_2ddc _cBK |
||